<?xml version="1.0" encoding="UTF-8"?>
<record
    xmlns:xsi="http://www.w3.org/2001/XMLSchema-instance"
    xsi:schemaLocation="http://www.loc.gov/MARC21/slim http://www.loc.gov/standards/marcxml/schema/MARC21slim.xsd"
    xmlns="http://www.loc.gov/MARC21/slim">

  <leader>01829nam a22003617a 4500</leader>
  <datafield tag="999" ind1=" " ind2=" ">
    <subfield code="c">21168</subfield>
    <subfield code="d">21168</subfield>
  </datafield>
  <controlfield tag="003">AR-CdUCM</controlfield>
  <controlfield tag="008">190328b           ||||| |||| 00| 0 spa d</controlfield>
  <datafield tag="020" ind1=" " ind2=" ">
    <subfield code="a">9786124375026</subfield>
  </datafield>
  <datafield tag="020" ind1=" " ind2=" ">
    <subfield code="a">9786124375002</subfield>
  </datafield>
  <datafield tag="040" ind1=" " ind2=" ">
    <subfield code="a">MUNICIPALIDAD PROVINCIAL DEL CUSCO</subfield>
    <subfield code="c">BIBLIOTECA MUNICIPAL DEL CUSCO</subfield>
  </datafield>
  <datafield tag="082" ind1=" " ind2=" ">
    <subfield code="a">985.0191 / D69</subfield>
    <subfield code="b">D69</subfield>
  </datafield>
  <datafield tag="110" ind1=" " ind2=" ">
    <subfield code="a">Direcci&#xF3;n Desconcentrada de Cultura Cusco</subfield>
    <subfield code="9">10927</subfield>
  </datafield>
  <datafield tag="245" ind1=" " ind2=" ">
    <subfield code="a">Cr&#xF3;nicas tempranas del siglo XVI /</subfield>
    <subfield code="c">Direcci&#xF3;n Desconcentrada de Cultura de Cusco</subfield>
  </datafield>
  <datafield tag="260" ind1=" " ind2=" ">
    <subfield code="a">Cusco :</subfield>
    <subfield code="b">Direcci&#xF3;n Desconcentrada de Cultura de cusco,</subfield>
    <subfield code="c">2017.</subfield>
  </datafield>
  <datafield tag="300" ind1=" " ind2=" ">
    <subfield code="a">2 tomos ;</subfield>
    <subfield code="c">21 cm.</subfield>
  </datafield>
  <datafield tag="505" ind1=" " ind2=" ">
    <subfield code="a">Contenido: t.1. Estrategia hispana: La invasi&#xF3;n del Tawantinsuyu en la &#xE9;poca de Huascar y Atahualpa (1530-1533) -- Franciso de Jer&#xE9;z [1534] -- Pedro Sancho de la Hoz [1534] -- Crist&#xF3;bal de Mena [1534] -- Miguel de Estete [1535] -- Diego de Trujillo [1571] -- Cronolog&#xED;a hist&#xF3;rica -- t.2. El patrimonio hegem&#xF3;nico de la escritura: descripcci&#xF3;n historigr&#xE1;ficas del Cusco (1542-1590) -- Los Quipucamayocs [1542] -- Crist&#xF3;bal de Molina (el Almagrista) [1553] -- Polo Ondegardo (A) [1559?] -- Polo Ondegardo (B) [1561?] -- Blas Valera (o &#xC1;n&#xF3;nimo Jesuita) [1590] -- Cronolog&#xED;a hist&#xF3;rica.</subfield>
  </datafield>
  <datafield tag="650" ind1=" " ind2=" ">
    <subfield code="a">Cronistas</subfield>
    <subfield code="9">1200</subfield>
  </datafield>
  <datafield tag="650" ind1=" " ind2=" ">
    <subfield code="a">Historia</subfield>
    <subfield code="9">44233</subfield>
  </datafield>
  <datafield tag="650" ind1=" " ind2=" ">
    <subfield code="a">Cr&#xF3;nicas</subfield>
    <subfield code="9">44234</subfield>
  </datafield>
  <datafield tag="650" ind1=" " ind2=" ">
    <subfield code="a">Primeros escritos</subfield>
    <subfield code="9">26028</subfield>
  </datafield>
  <datafield tag="650" ind1=" " ind2=" ">
    <subfield code="a">Fuentes escritas</subfield>
    <subfield code="9">2045</subfield>
  </datafield>
  <datafield tag="650" ind1=" " ind2=" ">
    <subfield code="a">Fuentes primarias</subfield>
    <subfield code="9">16778</subfield>
  </datafield>
  <datafield tag="650" ind1=" " ind2=" ">
    <subfield code="a">Inkas</subfield>
    <subfield code="9">1899</subfield>
  </datafield>
  <datafield tag="650" ind1=" " ind2=" ">
    <subfield code="a">Historia Incas</subfield>
    <subfield code="9">44235</subfield>
  </datafield>
  <datafield tag="650" ind1=" " ind2=" ">
    <subfield code="a">Per&#xFA;</subfield>
    <subfield code="9">44236</subfield>
  </datafield>
  <datafield tag="700" ind1=" " ind2=" ">
    <subfield code="a">Velaochaga Dam, Carlos</subfield>
    <subfield code="9">44237</subfield>
  </datafield>
  <datafield tag="700" ind1=" " ind2=" ">
    <subfield code="a">Herrera Villagra, Alejandro</subfield>
    <subfield code="9">1296</subfield>
  </datafield>
  <datafield tag="700" ind1=" " ind2=" ">
    <subfield code="a">Warthon Calero, Rafael</subfield>
    <subfield code="9">44238</subfield>
  </datafield>
  <datafield tag="710" ind1=" " ind2=" ">
    <subfield code="a">Ministerio de Cultura</subfield>
    <subfield code="9">6146</subfield>
  </datafield>
  <datafield tag="856" ind1=" " ind2=" ">
    <subfield code="u">http://bvirtual.culturacusco.gob.pe/items/show/33</subfield>
    <subfield code="z">Leer en digital</subfield>
  </datafield>
  <datafield tag="942" ind1=" " ind2=" ">
    <subfield code="2">ddc</subfield>
    <subfield code="c">LIBROS</subfield>
  </datafield>
  <datafield tag="945" ind1=" " ind2=" ">
    <subfield code="a">Roel</subfield>
  </datafield>
  <datafield tag="952" ind1=" " ind2=" ">
    <subfield code="0">0</subfield>
    <subfield code="2">ddc</subfield>
    <subfield code="4">0</subfield>
    <subfield code="7">0</subfield>
    <subfield code="a">SH</subfield>
    <subfield code="b">SH</subfield>
    <subfield code="c">CART</subfield>
    <subfield code="d">2020-02-10</subfield>
    <subfield code="e">Dep&#xF3;sito Legal BNP N&#xB0; 2017-10852</subfield>
    <subfield code="g">20.00</subfield>
    <subfield code="o">985.0191 / D69 / t.1</subfield>
    <subfield code="p">SH0000015639</subfield>
    <subfield code="r">2020-02-10</subfield>
    <subfield code="y">LIBROS</subfield>
  </datafield>
  <datafield tag="952" ind1=" " ind2=" ">
    <subfield code="0">0</subfield>
    <subfield code="2">ddc</subfield>
    <subfield code="4">0</subfield>
    <subfield code="7">0</subfield>
    <subfield code="a">SH</subfield>
    <subfield code="b">SH</subfield>
    <subfield code="c">CART</subfield>
    <subfield code="d">2020-02-10</subfield>
    <subfield code="e">Dep&#xF3;sito Legal BNP N&#xB0; 2017-10852</subfield>
    <subfield code="g">20.00</subfield>
    <subfield code="o">985.0191 / D69 / t.2</subfield>
    <subfield code="p">SH0000015640</subfield>
    <subfield code="r">2020-02-10</subfield>
    <subfield code="y">LIBROS</subfield>
  </datafield>
</record>
